[Event "ICS rated bullet match"]
[Site "204.178.125.65"]
[Date "1999.12.03"]
[Round "?"]
[White "WhiteHorse"]
[Black "Hossa"]
[Result "0-1"]
[WhiteElo "2306"]
[BlackElo "2650"]
[PlyCount "130"]
[EventDate "1999.??.??"]

1. f4 d5 2. Nf3 g6 3. d4 Nf6 4. c3 Nbd7 5. e3 Bg7 6. Be2 O-O 7. O-O Nb6 8. Nbd2
Bf5 9. Nb3 e6 10. Bd3 Ne4 11. Qe2 Nd7 12. Nbd2 Ndf6 13. Ne5 Nxd2 14. Bxd2 Bxd3
15. Qxd3 Ne4 16. Nf3 Qe7 17. Be1 c6 18. Nd2 f5 19. Bf2 Qc7 20. b3 Qa5 21. Rfc1
Qa3 22. Nxe4 fxe4 23. Qd2 Rac8 24. c4 Rc7 25. c5 Rcf7 26. Qc2 a5 27. Be1 Rf5
28. Qe2 Kh8 29. Rc3 R5f6 30. Rac1 Kg8 31. R3c2 a4 32. Rb1 axb3 33. Rxb3 Qa7 34.
Rcb2 R6f7 35. h3 Qa8 36. Kh2 Kh8 37. Bg3 Qa7 38. Qd2 Rd8 39. Qb4 Rdd7 40. Qb6
Qa4 41. Rb4 Qa3 42. R4b3 Qa8 43. a3 Rf5 44. Qb4 Rdf7 45. a4 Kg8 46. a5 Qa6 47.
Qb6 Qf1 48. Rf2 Qd1 49. Rbb2 Qe1 50. a6 bxa6 51. Qxa6 Qxe3 52. Qe2 Qxd4 53. Rd2
Qxc5 54. Qa6 e5 55. Qc8+ Rf8 56. Rde2 Rxc8 57. fxe5 Bxe5 58. Rxf5 Bxg3+ 59.
Kxg3 gxf5 60. Kh2 d4 61. Kg1 d3+ 62. Rf2 d2 63. Kh2 Qxf2 64. h4 Qxh4+ 65. Kg1
65... d1=Q# {WhiteHorse checkmated} 0-1

[Event "ICS rated bullet match"]
[Site "204.178.125.65"]
[Date "1999.12.03"]
[Round "?"]
[White "Hossa"]
[Black "WhiteHorse"]
[Result "1-0"]
[WhiteElo "2654"]
[BlackElo "2302"]
[PlyCount "71"]
[EventDate "1999.??.??"]

1. d4 g6 2. c4 Bg7 3. Nc3 d6 4. e4 Nf6 5. Nf3 b6 6. Bd3 Bb7 7. O-O Nbd7 8. Bg5
h6 9. Bxf6 Nxf6 10. Qc2 O-O 11. Qa4 e5 12. Rad1 Qe7 13. Nd5 Nxd5 14. cxd5 f5
15. exf5 gxf5 16. Bc4 e4 17. Ne1 Kh8 18. a3 Qg5 19. Qd7 Rac8 20. Nc2 Qg6 21.
Rc1 Rf7 22. Qa4 Ra8 23. Rfe1 f4 24. Qb4 f3 25. g3 Qh5 26. Rxe4 Qh3 27. Ne3 Qf5
28. Nxf5 Rxf5 29. Qa4 Raf8 30. Bb3 Bc8 31. Rxc7 Rg5 32. Rxc8 Rxc8 33. Re8+ Rxe8
34. Qxe8+ Kh7 35. Bc2+ Rg6 36. Bxg6# {WhiteHorse checkmated} 1-0

[Event "ICS rated bullet match"]
[Site "204.178.125.65"]
[Date "1999.12.03"]
[Round "?"]
[White "WhiteHorse"]
[Black "Hossa"]
[Result "0-1"]
[WhiteElo "2298"]
[BlackElo "2658"]
[PlyCount "88"]
[EventDate "1999.??.??"]

1. a3 d5 2. b3 e5 3. Bb2 Nc6 4. e3 Nf6 5. g3 Bd6 6. Bg2 O-O 7. Ne2 Re8 8. O-O
Bg4 9. f3 Bd7 10. f4 e4 11. h3 Rb8 12. Qe1 Rf8 13. Qf2 Bf5 14. Nd4 Nxd4 15.
Bxd4 c5 16. Bb2 Qe7 17. Nc3 Bc7 18. Ne2 Rbc8 19. g4 Bd7 20. Ng3 Qe6 21. g5 Ne8
22. f5 Qd6 23. Qf4 Qxf4 24. exf4 c4 25. bxc4 Bb6+ 26. Kh2 Rxc4 27. Rac1 Rc6 28.
Be5 f6 29. gxf6 Nxf6 30. Bb2 Ba5 31. d3 Bd2 32. Rcd1 Rxc2 33. Be5 exd3 34. Rf3
Bb5 35. Bf1 Bxf4+ 36. Kh1 Bxe5 37. Bxd3 Bxd3 38. Rd2 Rxd2 39. Nf1 Bxf1 40. Kg1
Bc4 41. Rf2 Bd4 42. Kh1 Rxf2 43. h4 Re8 44. h5 44... Re1# {
WhiteHorse checkmated} 0-1

[Event "ICS rated bullet match"]
[Site "204.178.125.65"]
[Date "1999.12.03"]
[Round "?"]
[White "Hossa"]
[Black "WhiteHorse"]
[Result "1-0"]
[WhiteElo "2662"]
[BlackElo "2294"]
[PlyCount "103"]
[EventDate "1999.??.??"]

1. d4 b6 2. e4 Bb7 3. Nd2 e6 4. Ngf3 d5 5. Bd3 g6 6. Qe2 c6 7. O-O Bg7 8. exd5
cxd5 9. Re1 Ne7 10. c3 h6 11. Ne5 O-O 12. Ndf3 Nd7 13. Ng4 Kh7 14. Bf4 Nf6 15.
Nxf6+ Bxf6 16. Be5 Bxe5 17. Nxe5 Ng8 18. Rad1 Qf6 19. Nd7 Qg7 20. Nxf8+ Rxf8
21. Qe5 Nf6 22. Qc7 Ba8 23. Qxa7 Ng4 24. Qxb6 Qf6 25. f3 h5 26. fxg4 hxg4 27.
Rf1 Qh4 28. Qd6 Kg7 29. Qg3 Qh5 30. Qe5+ Kh6 31. Rf6 Rh8 32. Rxg6+ fxg6 33.
Qxh8+ Kg5 34. Qxa8 g3 35. Qd8+ Kh6 36. Qh8+ Kg5 37. Qe5+ Kh6 38. Qxh5+ Kxh5 39.
Re1 Kg5 40. Rxe6 Kh6 41. Rxg6+ Kh5 42. Bf5 Kh4 43. Bg4 gxh2+ 44. Kh1 Kg3 45.
Be6+ Kf2 46. Rf6+ Ke3 47. Kxh2 Kd2 48. Bf5 Ke1 49. Re6+ Kf2 50. a3 Kf1 51. Kg3
Kg1 52. Re1# {WhiteHorse checkmated} 1-0

[Event "ICS rated bullet match"]
[Site "204.178.125.65"]
[Date "1999.12.03"]
[Round "?"]
[White "WhiteHorse"]
[Black "Hossa"]
[Result "0-1"]
[WhiteElo "2291"]
[BlackElo "2665"]
[PlyCount "98"]
[EventDate "1999.??.??"]

1. f3 Nc6 2. d4 e5 3. d5 Nd4 4. e4 a6 5. Ne2 Bc5 6. Nxd4 exd4 7. c3 dxc3 8.
Nxc3 Nf6 9. g3 O-O 10. Qe2 Re8 11. Be3 Bxe3 12. Qxe3 d6 13. O-O-O Bf5 14. Bc4
Qd7 15. Qf4 Bh3 16. g4 b5 17. Bd3 b4 18. Ne2 c6 19. dxc6 Qxc6+ 20. Kb1 d5 21.
e5 Nd7 22. Nd4 Qh6 23. g5 Qh5 24. Rhg1 Nxe5 25. Bc2 Rac8 26. Rg3 Rc7 27. g6
fxg6 28. Re1 Rf7 29. Qd2 Bd7 30. f4 Nc4 31. Rxe8+ Bxe8 32. Qd1 Qxd1+ 33. Bxd1
Rxf4 34. Kc2 Rxd4 35. Rd3 Rxd3 36. Kxd3 Nxb2+ 37. Kc2 Nxd1 38. Kxd1 Bb5 39. Kd2
Bc4 40. Kc2 Bxa2 41. Kb2 b3 42. h4 d4 43. Ka3 d3 44. Kb2 d2 45. Ka3 d1=Q 46. h5
Qd6+ 47. Kb2 Qc5 48. h6 gxh6 49. Ka1 49... Qe5# {WhiteHorse checkmated} 0-1

[Event "ICS rated blitz match"]
[Site "204.178.125.65"]
[Date "1999.12.04"]
[Round "?"]
[White "Drk"]
[Black "Hossa"]
[Result "0-1"]
[WhiteElo "2242"]
[BlackElo "2527"]
[PlyCount "30"]
[EventDate "1999.??.??"]

1. e4 c5 2. Nf3 e6 3. Nc3 a6 4. a4 Nc6 5. g3 Nf6 6. Bg2 d5 7. e5 Nd7 8. Qe2 Qc7
9. O-O Nd4 10. Qd1 Be7 11. Re1 O-O 12. d3 Nxf3+ 13. Bxf3 Nxe5 14. Bxd5 exd5 15.
f4 15... Bg4 {Drk resigns} 0-1

[Event "ICS rated blitz match"]
[Site "204.178.125.65"]
[Date "1999.12.04"]
[Round "?"]
[White "Hossa"]
[Black "Drk"]
[Result "1-0"]
[WhiteElo "2532"]
[BlackElo "2234"]
[PlyCount "55"]
[EventDate "1999.??.??"]

1. d4 d5 2. c4 c6 3. Nc3 e6 4. e4 dxe4 5. Nxe4 Nd7 6. Qe2 Ngf6 7. Bd2 Be7 8.
Nf3 O-O 9. Nc3 b6 10. Qe3 Bb7 11. Be2 c5 12. O-O Rc8 13. Rad1 cxd4 14. Qxd4 Bc5
15. Qh4 Re8 16. Qg3 Qe7 17. Bh6 Nh5 18. Qg5 Ndf6 19. Ne5 g6 20. Bxh5 Nxh5 21.
Rd7 Qxg5 22. Bxg5 f6 23. Rxb7 fxg5 24. Rxa7 Bd4 25. Nf7 Ra8 26. Nh6+ Kh8 27.
Rd7 Red8 28. Nf7+ {Drk resigns} 1-0

[Event "ICS rated blitz match"]
[Site "204.178.125.65"]
[Date "1999.12.04"]
[Round "?"]
[White "Tulaka"]
[Black "Hossa"]
[Result "0-1"]
[WhiteElo "2200"]
[BlackElo "2531"]
[PlyCount "58"]
[EventDate "1999.??.??"]

1. e4 c5 2. Nf3 Nc6 3. d4 cxd4 4. Nxd4 Nf6 5. Nc3 d6 6. Bg5 e6 7. Qd2 Be7 8.
O-O-O Nxd4 9. Qxd4 O-O 10. Kb1 d5 11. e5 Ne4 12. Nxe4 Bxg5 13. Nxg5 Qxg5 14. h4
Qe7 15. Bd3 Bd7 16. Qg4 f6 17. f4 Qb4 18. Qh5 f5 19. Qf3 Rac8 20. g3 Ba4 21.
Rh2 Rc6 22. b3 Rc3 23. Rf1 Bb5 24. Qd1 Bxd3 25. cxd3 Qd4 26. Rd2 Rfc8 27. h5
Qe3 28. Rf3 Rc1+ 29. Qxc1 29... Rxc1+ {Tulaka resigns} 0-1

[Event "ICS rated blitz match"]
[Site "204.178.125.65"]
[Date "1999.12.04"]
[Round "?"]
[White "Hossa"]
[Black "darthweber"]
[Result "1-0"]
[WhiteElo "2531"]
[BlackElo "2136"]
[PlyCount "101"]
[EventDate "1999.??.??"]

1. e4 c5 2. Nf3 d6 3. d4 cxd4 4. Nxd4 Nf6 5. Nc3 a6 6. Be3 e5 7. Nb3 Be6 8. Be2
Nbd7 9. O-O Qc7 10. Bf3 Be7 11. Qc1 O-O 12. Rd1 Rac8 13. Qd2 b5 14. Rac1 Nb6
15. Bxb6 Qxb6 16. a3 h6 17. Qe3 Qxe3 18. fxe3 Rfd8 19. Rd2 Rd7 20. Rcd1 Kf8 21.
Nc1 Rdc7 22. N1e2 Rc6 23. Rf1 Bd8 24. g3 Bb6 25. Kf2 Ke7 26. Rfd1 Ne8 27. Bg2
Bc4 28. Bh3 R8c7 29. Ng1 a5 30. Bf5 b4 31. axb4 axb4 32. Nb1 g6 33. Bh3 Ba2 34.
c3 Nf6 35. Kf3 Bb3 36. Re1 Ba5 37. Ne2 g5 38. cxb4 Bxb4 39. Nec3 h5 40. Bg2 g4+
41. Kf2 Ra7 42. Kg1 Ra1 43. Rf1 Nh7 44. Rdf2 Ng5 45. Rf5 Nf3+ 46. Bxf3 gxf3 47.
R5xf3 Bc5 48. Nd5+ Bxd5 49. exd5 Rb6 50. Rxf7+ Ke8 51. Rf8+ {darthweber resigns
} 1-0

[Event "ICS rated blitz match"]
[Site "204.178.125.65"]
[Date "1999.12.04"]
[Round "?"]
[White "darthweber"]
[Black "Hossa"]
[Result "0-1"]
[WhiteElo "2133"]
[BlackElo "2534"]
[PlyCount "53"]
[EventDate "1999.??.??"]

1. e4 c5 2. Nf3 Nc6 3. d4 cxd4 4. Nxd4 Nf6 5. Nc3 d6 6. Bg5 e6 7. Qd2 Be7 8.
O-O-O Nxd4 9. Qxd4 O-O 10. Bc4 Ne8 11. h4 Bd7 12. f4 f6 13. e5 fxg5 14. hxg5
Rf7 15. Kb1 g6 16. Ne4 d5 17. Nf2 Qa5 18. Ng4 Bc5 19. Nh6+ Kf8 20. Qd3 dxc4 21.
Qh3 Rg7 22. Rxd7 Rxd7 23. Qxe6 Qd2 24. a3 Qd5 25. f5 Qxe6 26. fxe6 Rd2 27. Rf1+
{darthweber resigns} 0-1

[Event "ICS rated blitz match"]
[Site "204.178.125.65"]
[Date "1999.12.04"]
[Round "?"]
[White "Hossa"]
[Black "darthweber"]
[Result "0-1"]
[WhiteElo "2537"]
[BlackElo "2130"]
[PlyCount "174"]
[EventDate "1999.??.??"]

1. e4 c5 2. Nf3 d6 3. d4 cxd4 4. Nxd4 Nf6 5. Nc3 a6 6. Be3 e5 7. Nb3 Be6 8. Be2
Nbd7 9. O-O Qc7 10. Bf3 Be7 11. Qc1 O-O 12. Rd1 Rac8 13. Qd2 b5 14. Rac1 Nb6
15. Bxb6 Qxb6 16. Qe3 Qxe3 17. fxe3 Rc6 18. a3 Bd8 19. Rf1 Bb6 20. Rfe1 Rfc8
21. Rcd1 Kf8 22. g3 Ke7 23. Nc1 Rxc3 24. bxc3 Rxc3 25. Nd3 Rxc2 26. Nb4 Rc3 27.
Rd3 Rxd3 28. Nxd3 Bc4 29. Nb2 Bb3 30. Kf2 a5 31. Ke2 Bc5 32. Ra1 b4 33. axb4
Bxb4 34. Rc1 Nd7 35. Rc7 Kd8 36. Ra7 Nc5 37. Bh5 g6 38. Bf3 a4 39. g4 a3 40.
Ra8+ Kc7 41. Ra7+ Kb6 42. Rxa3 Bxa3 43. Nd1 Bxd1+ 44. Kxd1 Kb5 45. g5 Ne6 46.
h4 Kc4 47. Ke2 Kc3 48. Bg4 Bc5 49. Bh3 Bb6 50. Bf1 Bd8 51. Kf3 f6 52. gxf6 Bxf6
53. Kg3 Nc5 54. Kg4 Kd2 55. Kf3 Bxh4 56. Bc4 Bg5 57. Bg8 h6 58. Bf7 Bxe3 59.
Bxg6 Kd3 60. Bh7 h5 61. Bg6 h4 62. Bh7 Bg5 63. Bf5 Bd8 64. Bg6 Nb3 65. Bh7 Nd4+
66. Kg4 Ke3 67. Bg6 Nb3 68. Bf7 Nc5 69. Bd5 Nxe4 70. Kf5 Nc3 71. Bh1 Kf2 72.
Bb7 Kg3 73. Ke6 Bc7 74. Kd7 Bb8 75. Kc8 d5 76. Kxb8 h3 77. Kc7 h2 78. Kd6 h1=Q
79. Kxe5 Qh8+ 80. Ke6 d4 81. Kd6 d3 82. Bd5 d2 83. Bc6 d1=Q+ 84. Kc7 Qe5+ 85.
Kc8 Qdd6 86. Kb7 Qc7+ 87. Ka6 87... Qea5# {Hossa checkmated} 0-1

[Event "ICS rated blitz match"]
[Site "204.178.125.65"]
[Date "1999.12.04"]
[Round "?"]
[White "robbok1"]
[Black "Hossa"]
[Result "1/2-1/2"]
[WhiteElo "2422"]
[BlackElo "2508"]
[PlyCount "210"]
[EventDate "1999.??.??"]

1. e4 c5 2. Nf3 Nc6 3. Bb5 g6 4. O-O Bg7 5. c3 Nf6 6. e5 Nd5 7. d4 cxd4 8. cxd4
O-O 9. Nc3 Nc7 10. a4 d6 11. Be3 a6 12. Bxc6 bxc6 13. exd6 exd6 14. Bg5 f6 15.
Be3 Re8 16. d5 Nxd5 17. Nxd5 cxd5 18. Qxd5+ Be6 19. Qd3 Rb8 20. Qxa6 Rxb2 21.
Rfd1 d5 22. Rab1 Ra2 23. Nd4 Bg4 24. Rdc1 Qa8 25. Qb5 Rxa4 26. Rc7 Ra5 27. Qb6
Ra1 28. Qb2 Rxb1+ 29. Qxb1 Qb8 30. Rb7 Qd6 31. Qb5 Qe5 32. h3 Bc8 33. Nf3 Qe4
34. Ra7 Qe6 35. Nd4 Qe5 36. Qc6 Bf8 37. Nf3 Qe6 38. Qb5 Bd6 39. Nd4 Qe4 40. Qb6
Bf4 41. g4 Be5 42. Qb5 Bd6 43. Qb6 Qe5 44. Nf3 Qe6 45. Bc5 Bf4 46. Qb2 Ba6 47.
Qa1 Bc4 48. Rb7 Qe2 49. Nd4 Qe4 50. Qc3 Ba6 51. Rb6 Qe1+ 52. Qxe1 Rxe1+ 53. Kg2
Bf1+ 54. Kf3 Be5 55. Re6 h5 56. g5 Bxd4 57. Rxe1 Bxc5 58. Rxf1 fxg5 59. Rc1 Bd6
60. Rd1 Kf7 61. Rxd5 Bf4 62. h4 Ke6 63. Rc5 Kf6 64. Ke4 Bd2 65. Rd5 Bf4 66. f3
Bc1 67. Rc5 Bf4 68. Rc8 Kg7 69. Rc5 Kf6 70. Rc6+ Kg7 71. Rc2 Kh6 72. Ra2 Bg3
73. hxg5+ Kxg5 74. Ra5+ Kh6 75. f4 h4 76. Kf3 Be1 77. Re5 Bc3 78. Rd5 Bb4 79.
Kg4 Be7 80. Rd7 Bf6 81. Rc7 Bd8 82. Ra7 Bf6 83. Rd7 Bg7 84. Kxh4 Bf6+ 85. Kg4
Bg7 86. Rd6 Kh7 87. Kf3 Bc3 88. Ke4 Kg7 89. Rc6 Bd2 90. Ke5 Be1 91. Rc1 Ba5 92.
Rc8 Bb6 93. Ke4 Ba5 94. Ke5 Bb6 95. Ke6 Bd4 96. Kd5 Be3 97. Ke4 Bd2 98. Rc7+
Kf6 99. Rc6+ Kg7 100. Kf3 Bb4 101. Kg4 Be7 102. Rc7 Kf6 103. Rc6+ Kg7 104. Kf3
Bb4 105. Ke4 105... Bd2 {Game drawn by repetition} 1/2-1/2

[Event "ICS rated blitz match"]
[Site "204.178.125.65"]
[Date "1999.12.04"]
[Round "?"]
[White "Hossa"]
[Black "robbok1"]
[Result "1-0"]
[WhiteElo "2504"]
[BlackElo "2426"]
[PlyCount "139"]
[EventDate "1999.??.??"]

1. e4 c5 2. Nf3 Nc6 3. Bb5 g6 4. O-O Bg7 5. c3 Nf6 6. Re1 O-O 7. d4 d5 8. exd5
Qxd5 9. c4 Qd6 10. d5 Nd4 11. Ba4 Bg4 12. Nbd2 b5 13. Bxb5 Nxb5 14. cxb5 Qxd5
15. Rxe7 Rfe8 16. Rxe8+ Rxe8 17. Qa4 Re7 18. h3 Bf5 19. Qf4 Qd8 20. Qc4 Qd6 21.
Nb3 Ne4 22. Qf1 Rd7 23. Na5 Be6 24. a4 Qd1 25. Nc6 Bc4 26. Qxd1 Rxd1+ 27. Kh2
Bh6 28. Bxh6 Rxa1 29. Nfe5 Be6 30. f3 Nd6 31. Ne7+ Kh8 32. Bf4 Rxa4 33. N5xg6+
hxg6 34. Bxd6 c4 35. Nc6 Bd7 36. Bc5 a6 37. Ne5 Bxb5 38. Nxf7+ Kg7 39. Nd6 Kf6
40. Ne4+ Ke5 41. Bd6+ Kd5 42. Ba3 Rxa3 43. bxa3 Kd4 44. h4 c3 45. Nxc3 Kxc3 46.
g4 Kb2 47. f4 Kxa3 48. f5 gxf5 49. gxf5 Kb4 50. h5 Bc4 51. h6 Bg8 52. f6 a5 53.
h7 Bxh7 54. f7 Bc2 55. f8=Q+ Kb3 56. Qf7+ Kb2 57. Qf6+ Kb3 58. Qb6+ Ka4 59.
Qc6+ Kb3 60. Qb5+ Kc3 61. Qxa5+ Kd4 62. Qb4+ Kd3 63. Kg3 Ke3 64. Qc3+ Bd3 65.
Qe5+ Be4 66. Kg4 Kd3 67. Kf4 Bh1 68. Qh5 Ba8 69. Qd1+ Kc3 70. Qa1+ {
robbok1 resigns} 1-0

[Event "ICS rated blitz match"]
[Site "204.178.125.65"]
[Date "1999.12.04"]
[Round "?"]
[White "iva"]
[Black "Hossa"]
[Result "0-1"]
[WhiteElo "2433"]
[BlackElo "2516"]
[PlyCount "112"]
[EventDate "1999.??.??"]

1. d4 Nf6 2. Nf3 e6 3. g3 d5 4. Bg2 Bd6 5. c4 O-O 6. O-O Nbd7 7. b3 c5 8. cxd5
exd5 9. Bb2 cxd4 10. Nxd4 Re8 11. Nc3 Nb6 12. Rc1 Bg4 13. h3 Bd7 14. Qd3 Bb4
15. Ncb5 Ne4 16. Nc7 Nc5 17. Rxc5 Bxc5 18. Nxa8 Qxa8 19. Rc1 Bd6 20. e3 Be5 21.
Ba3 Qb8 22. Nf5 Qd8 23. Nd6 Bxd6 24. Bxd6 Bf5 25. Qxf5 Qxd6 26. Qd3 Qd7 27. h4
Re5 28. a4 f6 29. Qc3 Re8 30. Qd4 Kh8 31. a5 Nc8 32. Qxd5 Nd6 33. Rd1 Rd8 34.
Qc5 Qe6 35. Qxa7 f5 36. Qb6 Qe7 37. b4 Rd7 38. b5 Qf6 39. a6 Nc4 40. Rxd7 Nxb6
41. Rxb7 h6 42. a7 Qa1+ 43. Kh2 Nc8 44. b6 Nxb6 45. Rxb6 Qxa7 46. Rb5 Qd7 47.
Re5 Qf7 48. Bf3 g5 49. h5 g4 50. Bg2 Qxh5+ 51. Kg1 Qf7 52. Bf1 Qd7 53. Be2 Kg7
54. Kf1 Qc6 55. Re7+ Kf6 56. Rh7 56... Qh1# {iva checkmated} 0-1

[Event "ICS rated blitz match"]
[Site "204.178.125.65"]
[Date "1999.12.04"]
[Round "?"]
[White "Hossa"]
[Black "iva"]
[Result "1-0"]
[WhiteElo "2528"]
[BlackElo "2421"]
[PlyCount "65"]
[EventDate "1999.??.??"]

1. e4 e6 2. d4 d5 3. Nc3 Nf6 4. Bg5 dxe4 5. Nxe4 Nbd7 6. Nf3 Be7 7. Nxf6+ Nxf6
8. Bd3 b6 9. Qe2 Bb7 10. O-O-O O-O 11. Rhe1 Qd7 12. Ba6 Qd5 13. Bxb7 Qxb7 14.
d5 Nxd5 15. Rxd5 Qxd5 16. Bxe7 Qxa2 17. Bxf8 Rxf8 18. Qe5 Rd8 19. Nd2 Rd7 20.
Qe4 g6 21. Qa8+ Kg7 22. Re5 Qa4 23. Re4 Qa5 24. c3 Qh5 25. Qe8 Rd6 26. Rf4 g5
27. g4 Qg6 28. Rf3 a5 29. Ne4 Rd5 30. Ng3 Rd1+ 31. Kxd1 Qb1+ 32. Ke2 Qxb2+ 33.
Kf1 {iva resigns} 1-0

[Event "ICS rated blitz match"]
[Site "204.178.125.65"]
[Date "1999.12.04"]
[Round "?"]
[White "iva"]
[Black "Hossa"]
[Result "0-1"]
[WhiteElo "2410"]
[BlackElo "2539"]
[PlyCount "82"]
[EventDate "1999.??.??"]

1. d4 Nf6 2. Nf3 e6 3. g3 d5 4. Bg2 Bd6 5. O-O O-O 6. c4 c5 7. b3 cxd4 8. cxd5
exd5 9. Nxd4 Nc6 10. Bb2 Re8 11. Nc3 Nxd4 12. Qxd4 Be5 13. Qd2 Bxc3 14. Bxc3
Ne4 15. Bxe4 dxe4 16. Qf4 Bh3 17. Rfd1 Qe7 18. Rd2 Rac8 19. Bb2 Rcd8 20. Rad1
Rxd2 21. Qxd2 a6 22. Qd5 h6 23. Qh5 Qe6 24. Qa5 Qg4 25. Qd2 Qg6 26. Qe3 Rc8 27.
Rc1 Rd8 28. Qf4 Qg4 29. Qxg4 Bxg4 30. Rc2 Bh3 31. Rc1 Rd2 32. Bc3 Rxa2 33. Re1
Be6 34. b4 Rc2 35. Bd4 Rc4 36. Bc5 a5 37. Rb1 Bg4 38. e3 b5 39. Kf1 Bf3 40. Ke1
Rc2 41. Bd4 41... a4 {iva resigns} 0-1

[Event "ICS rated blitz match"]
[Site "204.178.125.65"]
[Date "1999.12.04"]
[Round "?"]
[White "Hossa"]
[Black "WhiteCastles"]
[Result "0-1"]
[WhiteElo "2549"]
[BlackElo "2898"]
[PlyCount "124"]
[EventDate "1999.??.??"]

1. e4 c5 2. Nf3 d6 3. d4 cxd4 4. Nxd4 Nf6 5. Nc3 a6 6. Be3 e5 7. Nb3 Be6 8. Be2
Be7 9. O-O O-O 10. f4 exf4 11. Bxf4 Nc6 12. Qd2 Ne5 13. Nd4 Rc8 14. Rad1 Qb6
15. Na4 Qc7 16. Qe3 b5 17. Nc3 Nc4 18. Bxc4 Bxc4 19. Rf3 b4 20. Na4 Bxa2 21. b3
Ng4 22. Qe2 Qa7 23. Rh3 Bf6 24. Rhd3 Ne5 25. R3d2 Nc6 26. Be3 Bxd4 27. Rxd4
Nxd4 28. Bxd4 Qc7 29. Nb6 Qxc2 30. Qg4 f6 31. Nxc8 Qxc8 32. Qf3 Qc2 33. Bb6
Bxb3 34. Rxd6 Bc4 35. Rd7 b3 36. Qg4 Qc1+ 37. Kf2 Bf7 38. Be3 b2 39. Bxc1
bxc1=Q 40. Qf5 Re8 41. Rd6 Be6 42. Rxe6 Qc2+ 43. Ke1 Qb1+ 44. Ke2 Qa2+ 45. Kf3
Qb3+ 46. Kf2 Qxe6 47. Qc5 Qxe4 48. Qc3 Qe2+ 49. Kg1 Qd1+ 50. Kf2 Re2+ 51. Kg3
Qd5 52. Qc8+ Kf7 53. Qc7+ Kg6 54. Qf4 Rxg2+ 55. Kh3 Rc2 56. Qg3+ Kf7 57. Kh4
Qe4+ 58. Kh3 Qf5+ 59. Qg4 Qf1+ 60. Qg2 Qxg2+ 61. Kh4 g5+ 62. Kh5 62... Qh3# {
Hossa checkmated} 0-1

[Event "ICS rated blitz match"]
[Site "204.178.125.65"]
[Date "1999.12.04"]
[Round "?"]
[White "Hossa"]
[Black "Mboado"]
[Result "1-0"]
[WhiteElo "2545"]
[BlackElo "2171"]
[PlyCount "65"]
[EventDate "1999.??.??"]

1. e4 Nf6 2. e5 Nd5 3. c4 Nb6 4. d4 d6 5. exd6 cxd6 6. Nc3 g6 7. a4 Bg7 8. a5
N6d7 9. Nf3 O-O 10. Ra3 Nf6 11. Qa4 Bg4 12. Be3 Nc6 13. a6 Qc8 14. d5 Bxf3 15.
gxf3 Ne5 16. axb7 Qxb7 17. Be2 Qxb2 18. f4 Neg4 19. Nd1 Qb7 20. Bxa7 e6 21. Bf3
exd5 22. O-O Rfe8 23. Nc3 Re7 24. Nb5 Nh6 25. cxd5 Nf5 26. Qa6 Nh4 27. Bh1 Nh5
28. Qxb7 Rxb7 29. Be3 Bh6 30. Rxa8+ Kg7 31. Nxd6 Rd7 32. Ne8+ Kf8 33. Bc5+ {
Mboado resigns} 1-0

[Event "ICS rated blitz match"]
[Site "204.178.125.65"]
[Date "1999.12.04"]
[Round "?"]
[White "Mboado"]
[Black "Hossa"]
[Result "0-1"]
[WhiteElo "2168"]
[BlackElo "2548"]
[PlyCount "38"]
[EventDate "1999.??.??"]

1. e4 c5 2. Nf3 d6 3. c3 Nf6 4. Be2 e5 5. d3 Be7 6. O-O O-O 7. a4 Nc6 8. Re1
Be6 9. h3 d5 10. Bf1 dxe4 11. dxe4 Qxd1 12. Rxd1 Nxe4 13. Re1 f5 14. Bd3 Rad8
15. Bxe4 fxe4 16. Rxe4 Rxf3 17. gxf3 Rd1+ 18. Kg2 Rxc1 19. a5 19... Bf5 {
Mboado resigns} 0-1

[Event "ICS rated blitz match"]
[Site "204.178.125.65"]
[Date "1999.12.04"]
[Round "?"]
[White "Hossa"]
[Black "Mboado"]
[Result "1-0"]
[WhiteElo "2551"]
[BlackElo "2165"]
[PlyCount "37"]
[EventDate "1999.??.??"]

1. e4 Nf6 2. e5 Nd5 3. c4 Nb6 4. d4 d6 5. exd6 cxd6 6. Nc3 g6 7. a4 Bg7 8. a5
N6d7 9. Nf3 O-O 10. Ra3 Nf6 11. Qa4 Bg4 12. Be3 a6 13. Be2 Nc6 14. O-O Rc8 15.
d5 Bxf3 16. Bxf3 Ne5 17. Be2 Qd7 18. Re1 Nfg4 19. Qxd7 {Mboado resigns} 1-0

[Event "ICS rated blitz match"]
[Site "204.178.125.65"]
[Date "1999.12.04"]
[Round "?"]
[White "Mboado"]
[Black "Hossa"]
[Result "0-1"]
[WhiteElo "2162"]
[BlackElo "2554"]
[PlyCount "47"]
[EventDate "1999.??.??"]

1. e4 c5 2. Nf3 d6 3. c3 Nf6 4. Be2 e5 5. d4 exd4 6. cxd4 Nxe4 7. dxc5 Nxc5 8.
O-O Be7 9. Nc3 O-O 10. Bf4 Re8 11. Nd4 Bg5 12. Bxg5 Qxg5 13. Ndb5 Nba6 14. Qxd6
Na4 15. Bf3 Nxb2 16. Rab1 Nc4 17. Qd4 Nd2 18. Bd5 Nxf1 19. Rxf1 Qe5 20. Qc4 Be6
21. Bxe6 Qxe6 22. Qa4 Qe5 23. h3 Nc5 24. Qh4 {Mboado resigns} 0-1

[Event "ICS rated blitz match"]
[Site "204.178.125.65"]
[Date "1999.12.04"]
[Round "?"]
[White "Hossa"]
[Black "Mboado"]
[Result "1-0"]
[WhiteElo "2557"]
[BlackElo "2159"]
[PlyCount "77"]
[EventDate "1999.??.??"]

1. e4 Nf6 2. e5 Nd5 3. c4 Nb6 4. d4 d6 5. exd6 cxd6 6. Nc3 g6 7. a4 Bg7 8. a5
N6d7 9. Nf3 O-O 10. Ra3 Nf6 11. Qa4 Bg4 12. Be3 a6 13. Be2 Nc6 14. O-O d5 15.
b3 e6 16. Ra2 Rc8 17. Re1 Ne4 18. Nd1 Bxf3 19. Bxf3 Ng5 20. Bg4 dxc4 21. bxc4
Nxd4 22. Qb4 h5 23. Be2 Qc7 24. Bxg5 Nxe2+ 25. Raxe2 Qxc4 26. Qxb7 Rb8 27. Qd7
Rb1 28. Be7 Rfb8 29. Bd8 Qb4 30. Bb6 Bc3 31. Nxc3 Rxe1+ 32. Rxe1 Qxc3 33. Rd1
Rc8 34. Qb7 Qc1 35. Rf1 Rc4 36. Qxa6 Qc3 37. Rd1 Qd2 38. Rxd2 Rc1+ 39. Qf1 {
Mboado resigns} 1-0

[Event "ICS rated blitz match"]
[Site "204.178.125.65"]
[Date "1999.12.04"]
[Round "?"]
[White "Mboado"]
[Black "Hossa"]
[Result "0-1"]
[WhiteElo "2156"]
[BlackElo "2560"]
[PlyCount "44"]
[EventDate "1999.??.??"]

1. e4 c5 2. Nf3 d6 3. c3 Nf6 4. Be2 e5 5. O-O Nc6 6. d4 Be7 7. dxe5 dxe5 8. Qc2
Qc7 9. a4 O-O 10. Na3 Rd8 11. h3 a6 12. Be3 Be6 13. Rfd1 Na5 14. c4 Nc6 15. Ng5
Nd4 16. Bxd4 cxd4 17. Nxe6 fxe6 18. Rac1 Bxa3 19. bxa3 Rac8 20. Qb3 Nxe4 21.
Bf3 Nc5 22. Qb1 22... Rf8 {Mboado resigns} 0-1

[Event "ICS rated blitz match"]
[Site "204.178.125.65"]
[Date "1999.12.04"]
[Round "?"]
[White "Hossa"]
[Black "Mboado"]
[Result "1-0"]
[WhiteElo "2563"]
[BlackElo "2153"]
[PlyCount "58"]
[EventDate "1999.??.??"]

1. e4 Nf6 2. e5 Nd5 3. c4 Nb6 4. d4 d6 5. exd6 cxd6 6. Nc3 g6 7. a4 Bg7 8. a5
N6d7 9. Nf3 O-O 10. Ra3 Nf6 11. Qa4 Bg4 12. Be3 a6 13. Be2 Nc6 14. O-O d5 15.
b3 Ne4 16. b4 Nxc3 17. Rxc3 e6 18. cxd5 Qxd5 19. Rc5 Qd6 20. Re1 Rad8 21. Bxa6
Bxf3 22. Bxb7 Nxd4 23. gxf3 Rb8 24. a6 Nf5 25. a7 Rxb7 26. a8=Q Rxa8 27. Qxa8+
Rb8 28. Rc8+ Rxc8 29. Qxc8+ 29... Bf8 {Mboado resigns} 1-0

[Event "ICS rated blitz match"]
[Site "204.178.125.65"]
[Date "1999.12.04"]
[Round "?"]
[White "Hossa"]
[Black "Mboado"]
[Result "1-0"]
[WhiteElo "2569"]
[BlackElo "2147"]
[PlyCount "39"]
[EventDate "1999.??.??"]

1. e4 Nf6 2. e5 Nd5 3. c4 Nb6 4. d4 d6 5. exd6 cxd6 6. Nc3 g6 7. a4 Bg7 8. a5
N6d7 9. Nf3 Nf6 10. Qa4+ Bd7 11. Qb3 Qc8 12. Nd5 Nxd5 13. cxd5 O-O 14. Bg5 Re8
15. Rc1 Qd8 16. Qxb7 Qxa5+ 17. Nd2 Na6 18. Bxa6 Bc8 19. Qxa8 Bxa6 20. Qxe8+ {
Mboado resigns} 1-0

[Event "ICS rated blitz match"]
[Site "204.178.125.65"]
[Date "1999.12.04"]
[Round "?"]
[White "Mboado"]
[Black "Hossa"]
[Result "0-1"]
[WhiteElo "2144"]
[BlackElo "2572"]
[PlyCount "49"]
[EventDate "1999.??.??"]

1. e4 c5 2. Nf3 d6 3. c3 Nf6 4. Be2 e5 5. O-O Nc6 6. d4 exd4 7. cxd4 cxd4 8.
Nxd4 Nxe4 9. Nxc6 bxc6 10. Bf3 f5 11. Re1 Kf7 12. Bxe4 fxe4 13. Rxe4 Bf5 14.
Rf4 g6 15. Qb3+ d5 16. Qb7+ Qe7 17. Qxe7+ Kxe7 18. Be3 Ke6 19. Ra4 c5 20. Nd2
d4 21. Bf4 Bc2 22. Ra6+ Kf5 23. Bg3 Bd3 24. Re1 Bxa6 25. Ne4 {Mboado resigns}
0-1